| Поле | Инд. | ПП | Название | Значение |
|---|---|---|---|---|
| Тип записи | a | |||
| Библиографический уровень | m | |||
| 001 | Контрольный номер | RU/LIBMSTU/369132258 | ||
| 005 | Дата корректировки | 20140505131809.8 | ||
| 008 | Кодируемые данные | 110916|||||||||ru |||||||||||000|||rus|| | ||
| 020 | a | ISBN | 978-5-8243-1543-1 | |
| c | Цена, тираж | 59-61 | ||
| 040 | b | Код языка каталог. | rus | |
| 041 | a | Код языка текста | rus | |
| 084 | a | Индекс другой классификации/Индекс ББК | 63.3(2)631 | |
| 090 | a | Полочн. индекс | 63.3(2)6 | |
| x | Авторский знак | З-91 | ||
| 100 | 1_ | a | Автор | Зубок В. М. |
| 245 | 10 | a | Заглавие | Неудавшаяся империя |
| b | Продолж. заглавия | Советский Союз в холодной войне от Сталина до Горбачева | ||
| c | Ответственность | [пер. с англ. М. Мусиной] ; Уполномоч. по правам человека в Рос. Федерации [и др.] | ||
| 260 | a | Место издания | Москва | |
| b | Издательство | РОССПЭН | ||
| b | Издательство | Фонд "Президентский центр Б. Н. Ельцина" | ||
| c | Дата издания | 2011 | ||
| 300 | a | Объем | 669, [2] с. | |
| 440 | a | Серия | История сталинизма / ред. Й. Баберовски [и др.] | |
| 504 | a | Библиография | Библиогр.: с. 618-662 | |
| 650 | a | Основная рубрика | Холодная война | |
| 650 | 14 | a | Основная рубрика | СССР-Внешняя политика |
| 653 | a | Ключевые слова | Внешняя политика СССР | |
| a | Ключевые слова | История СССР | ||
| a | Ключевые слова | Международные отношения | ||
| a | Ключевые слова | Холодная война | ||
| 901 | t | Тип документа | m |